01141nam a2200217 4500003000800000005001700008008004100025040002600066041000800092100003000100245030200130260003400432300002300466502014200489504005100631650007400682650001700756650002200773700004700795830008100842DO-SdUA20250325093542.0 s2022 dr a|| |||| 0 |a||0|spa d aDO-SdUAbspacDO-SdUA0 aspa1 aFlorentino, Ricardo Paula10aEstrategia para la enseñanza del pase de futbol sala y su incidencia en los estudiantes de sexto grado segundo ciclo de primaria del Centro Educativo Juventud en Desarrollo del Distrito Educativo 15-04, Cristo Rey 2016-2018 /cRicardo Paula Florentino ; asesor César Coperkin Jiménez Casado. aSanto Domingo :bUASD,c2022. a67, [05] h. :bil. aTesis y Trabajo de Grado (Maestría en Educación Física y el Deporte)--Universidad Autónoma de Santo Domingo, Santo Domingo, 2022. aIncluye referencias bibliográficas y anexos. 7aEnseñanza-aprendizaje (Educación primaria)xInvestigaciones2lemb 7aFutbol2lemb 7aEstudiantes2lemb1 aJiménez Casado, César CoperkineAsesor aTesis y disertaciones académicas (Universidad Autónoma de Santo Domingo)